[Event "Landesliga Nord 0102"]
[Site "Bayern"]
[Date "2002.03.17"]
[Round "7.6"]
[White "Burggraf, Michael"]
[Black "Pal, Gyorgy"]
[Result "1-0"]
[WhiteElo "2030"]
[BlackElo "1705"]
[PlyCount "79"]
[EventDate "2001.10.07"]
[EventType "team"]
[EventRounds "9"]
[EventCountry "GER"]
[SourceTitle "EXT 2003"]
[Source "ChessBase"]
[SourceDate "2002.11.25"]
[SourceVersion "1"]
[SourceVersionDate "2002.11.25"]
[SourceQuality "1"]
[WhiteTeam "Forchheim II"]
[BlackTeam "Erlangen"]
[WhiteTeamCountry "GER"]
[BlackTeamCountry "GER"]

1. e4 Nc6 2. c4 e5 3. Nc3 Bc5 4. d3 d6 5. g3 f5 6. Bg2 f4 7. gxf4 Qh4 8. Qd2 Nb4 9. Nd1 Bg4 10. a3 Nc6 11. b4 Bd4 12. Ra2 Nf6 13. b5 Ne7 14. fxe5 Bxe5 15. Nf3 Bxf3 16. Bxf3 Qh3 17. Qe3 Ng6 18. Be2 Qh4 19. Qg5 Qh3 20. Be3 0-0-0 21. f4 Bc3+ 22. Kf2 Ba5 23. e5 dxe5 24. fxe5 Nxe5 25. Qxe5 Rhf8 26. Kg1 Kb8 27. Qg3 Qf5 28. Kg2 h5 29. Rf1 Qe6 30. Bc5 Rfe8 31. Bb4 Bxb4 32. axb4 g5 33. Qf2 Ng4 34. Qxa7+ Kc8 35. Qa8+ Kd7 36. Qxb7 Qe5 37. Bxg4+ hxg4 38. Qc6+ Ke7 39. Rff2 Rd6 40. Qxc7+ 1-0

[Event "Budapest FS03 FM"]
[Site "Budapest"]
[Date "1999.??.??"]
[Round "?"]
[White "Ivic, Mateo"]
[Black "Pal, Gyorgy"]
[Result "1-0"]
[WhiteElo "2080"]
[BlackElo "2052"]
[PlyCount "66"]
[EventDate "1999.03.??"]
[EventType "tourn"]
[EventRounds "13"]
[EventCountry "HUN"]
[SourceTitle "EXT 2004"]
[Source "ChessBase"]
[SourceDate "2003.11.25"]
[SourceVersion "1"]
[SourceVersionDate "2003.11.25"]
[SourceQuality "1"]

1. e4 c6 2. d4 d5 3. e5 Bf5 4. Nf3 e6 5. Be2 c5 6. Be3 c4 7. 0-0 Ne7 8. Nbd2 Bg6 9. Nh4 Nf5 10. Nxf5 Bxf5 11. f4 h5 12. c3 Nc6 13. b3 b5 14. a4 a6 15. axb5 axb5 16. Rxa8 Qxa8 17. Bxh5 Qd8 18. Bf2 g5 19. Bf3 gxf4 20. bxc4 Bd3 21. cxd5 Bxf1 22. dxc6 Bd3 23. Ne4 Bxe4 24. Bxe4 Qg5 25. c4 Qh6 26. h3 f5 27. Bf3 bxc4 28. Qa4 Kf7 29. c7 Be7 30. Qd7 Qf8 31. d5 exd5 32. Bxd5+ Kg6 33. Qe6+ Kh5 1-0

[Event "Budapest FS03 FM"]
[Site "Budapest"]
[Date "1999.??.??"]
[Round "?"]
[White "Pal, Gyorgy"]
[Black "Balogh, Viktor"]
[Result "0-1"]
[WhiteElo "2052"]
[BlackElo "2145"]
[PlyCount "82"]
[EventDate "1999.03.??"]
[EventType "tourn"]
[EventRounds "13"]
[EventCountry "HUN"]
[SourceTitle "EXT 2004"]
[Source "ChessBase"]
[SourceDate "2003.11.25"]
[SourceVersion "1"]
[SourceVersionDate "2003.11.25"]
[SourceQuality "1"]

1. e4 c5 2. Nf3 d6 3. Bb5+ Bd7 4. Bxd7+ Qxd7 5. 0-0 Nc6 6. c3 Nf6 7. Re1 e6 8. d4 cxd4 9. cxd4 d5 10. e5 Ne4 11. Nbd2 Nxd2 12. Bxd2 Be7 13. Rc1 0-0 14. a3 Rfc8 15. Re3 a5 16. Rec3 Bd8 17. Be3 a4 18. Qd3 Na5 19. Nd2 Bb6 20. g3 h6 21. Kg2 Rc7 22. Rxc7 Bxc7 23. Rc5 Bb6 24. Rc3 Rc8 25. h4 Rxc3 26. Qxc3 Qc6 27. Kf1 Qb5+ 28. Ke1 Nc4 29. Nxc4 dxc4 30. Kd1 Qd5 31. Ke2 Ba5 32. Qc2 b5 33. Kd1 Qf3+ 34. Kc1 Kf8 35. Kb1 Ke7 36. Ka2 Kd7 37. Kb1 Kc6 38. Ka2 Kd5 39. Kb1 Qe4 40. Qxe4+ Kxe4 41. Kc2 h5 0-1

[Event "Balaton op"]
[Site "Hungary"]
[Date "1999.??.??"]
[Round "6"]
[White "Pal, Gyorgy"]
[Black "Harmatosi, Jozsef"]
[Result "0-1"]
[WhiteElo "2050"]
[BlackElo "2205"]
[PlyCount "76"]
[EventDate "1999.??.??"]
[EventType "swiss"]
[EventRounds "9"]
[EventCountry "HUN"]
[SourceTitle "EXT 2000"]
[Source "ChessBase"]
[SourceDate "1999.11.16"]
[SourceVersion "1"]
[SourceVersionDate "1999.11.16"]
[SourceQuality "1"]

1. e4 c6 2. d4 d5 3. e5 Bf5 4. Nc3 e6 5. Nge2 c5 6. Ng3 Bg6 7. h4 h5 8. Bg5 Qa5 9. dxc5 Nc6 10. Bb5 Bxc5 11. 0-0 Nge7 12. a3 Qc7 13. Na4 a6 14. Bxc6+ Qxc6 15. Nxc5 Qxc5 16. c3 Nc6 17. Re1 b5 18. Qd2 Qc4 19. Re3 Na5 20. Rae1 Rc8 21. b4 Nc6 22. Ne2 0-0 23. Nf4 d4 24. cxd4 Qxd4 25. Qe2 Qa7 26. Nxg6 fxg6 27. Qd2 Nd4 28. Rc1 Rxc1+ 29. Qxc1 Nf5 30. Rd3 Qb8 31. Qe1 Qb7 32. Qe2 Rc8 33. Kh2 Qc6 34. Qd2 Qe4 35. f4 Kh7 36. Kh3 Rc1 37. Kh2 Re1 38. Rf3 Qb1 0-1

[Event "Budapest FS08 Elo"]
[Site "Budapest"]
[Date "1998.08.01"]
[Round "1"]
[White "Pal, Gyorgy"]
[Black "Jasz, Peter"]
[Result "0-1"]
[WhiteElo "2060"]
[BlackElo "2025"]
[PlyCount "92"]
[EventDate "1998.08.??"]
[EventType "tourn"]
[EventRounds "9"]
[EventCountry "HUN"]
[SourceTitle "EXT 1999"]
[Source "ChessBase"]
[SourceDate "1998.11.16"]
[SourceVersion "1"]
[SourceVersionDate "1998.11.16"]
[SourceQuality "1"]

1. e4 c5 2. Nf3 d6 3. Bb5+ Bd7 4. Bxd7+ Nxd7 5. 0-0 Ngf6 6. Re1 g6 7. c3 Bg7 8. d4 Qc7 9. h3 e5 10. dxe5 dxe5 11. Qc2 c4 12. Be3 0-0 13. Nbd2 Rac8 14. Rad1 b5 15. Nf1 Nc5 16. Bxc5 Qxc5 17. Ne3 Rfd8 18. g4 a5 19. Re2 Rxd1+ 20. Nxd1 Rd8 21. Kg2 Rd3 22. Ne1 Rd7 23. Ne3 Qc6 24. f3 Bh6 25. Kf1 Qc5 26. N3g2 Ne8 27. h4 f6 28. h5 gxh5 29. gxh5 Ng7 30. Nh4 Kh8 31. Rg2 Qe3 32. Nf5 Bg5 33. Nxg7 Kxg7 34. Qe2 Qc5 35. a3 Kh6 36. Qf2 Qd6 37. Qe2 Qc6 38. Qc2 Rd6 39. Rh2 Qd7 40. Re2 Qh3+ 41. Kg1 Bf4 42. b3 Rd7 43. bxc4 bxc4 44. Qa4 Be3+ 45. Rxe3 Rg7+ 46. Kf2 Qh2+ 0-1

[Event "Budapest FS06 FM"]
[Site "Budapest"]
[Date "1998.??.??"]
[Round "?"]
[White "Balogh, Csaba"]
[Black "Pal, Gyorgy"]
[Result "1-0"]
[WhiteElo "2155"]
[BlackElo "2060"]
[PlyCount "75"]
[EventDate "1998.06.??"]
[EventType "tourn"]
[EventRounds "11"]
[EventCountry "HUN"]
[SourceTitle "EXT 2004"]
[Source "ChessBase"]
[SourceDate "2003.11.25"]
[SourceVersion "1"]
[SourceVersionDate "2003.11.25"]
[SourceQuality "1"]

1. e4 c6 2. d4 d5 3. Nd2 dxe4 4. Nxe4 Nd7 5. Ng5 Ngf6 6. Bd3 e6 7. N1f3 Be7 8. Qe2 0-0 9. Bd2 h6 10. h4 c5 11. 0-0-0 Qb6 12. g4 cxd4 13. Ne4 Nxe4 14. Qxe4 Nf6 15. Qe2 Nxg4 16. Rdg1 h5 17. Ne5 f5 18. Ng6 Bf6 19. Nxf8 Kxf8 20. Bg5 Bd7 21. f3 Ne5 22. Bxf6 gxf6 23. Qg2 Nxd3+ 24. cxd3 Rc8+ 25. Kb1 Ke7 26. Qg7+ Kd6 27. Qxf6 Bb5 28. Rd1 Qc5 29. Rhe1 Qd5 30. f4 Bd7 31. Rc1 Rc6 32. Qh8 Kc7 33. Qxh5 Qb5 34. Qe2 Kb6 35. h5 a5 36. h6 e5 37. h7 Rh6 38. Rh1 1-0

[Event "Budapest FS06 FM"]
[Site "Budapest"]
[Date "1998.??.??"]
[Round "?"]
[White "Hohl, Matthias"]
[Black "Pal, Gyorgy"]
[Result "1-0"]
[WhiteElo "2025"]
[BlackElo "2060"]
[PlyCount "165"]
[EventDate "1998.06.??"]
[EventType "tourn"]
[EventRounds "11"]
[EventCountry "HUN"]
[SourceTitle "EXT 2004"]
[Source "ChessBase"]
[SourceDate "2003.11.25"]
[SourceVersion "1"]
[SourceVersionDate "2003.11.25"]
[SourceQuality "1"]

1. d4 Nf6 2. c4 g6 3. Nf3 Bg7 4. g3 c6 5. Bg2 0-0 6. 0-0 d5 7. b3 Ne4 8. Bb2 f5 9. Ne5 Nd7 10. cxd5 cxd5 11. Nd2 e6 12. f3 Nxd2 13. Qxd2 Nxe5 14. dxe5 Bd7 15. Rac1 Bc6 16. f4 Qd7 17. Rfd1 Rfd8 18. Ba3 Bf8 19. Bxf8 Kxf8 20. Qa5 Qe7 21. Rc2 b6 22. Qa6 Bb7 23. Qa4 Rd7 24. Rdc1 a6 25. Qd4 Qd8 26. Kf2 Kf7 27. Bf3 b5 28. b4 Rc8 29. Rxc8 Bxc8 30. Qc5 Bb7 31. a3 Qe7 32. Qb6 Ke8 33. Ke3 Kf7 34. Kd3 h5 35. h3 Rd8 36. g4 hxg4 37. hxg4 Rc8 38. Rc5 Rxc5 39. bxc5 Qd7 40. gxf5 gxf5 41. Kd4 Ke7 42. Qd6+ Kd8 43. Bh5 Qxd6 44. cxd6 Kd7 45. Kc5 Kd8 46. Kb6 Bc8 47. e3 Kd7 48. Bd1 Kd8 49. a4 Bd7 50. Kxa6 bxa4 51. Ka5 a3 52. Bb3 Bc6 53. Kb4 Bb7 54. Kxa3 Ba6 55. Kb4 Bc8 56. Kc5 Bd7 57. Kb6 Bc8 58. Bd1 Bd7 59. Be2 Kc8 60. Bh5 Kd8 61. Kb7 Bc8+ 62. Kb8 Bd7 63. Bf7 Bc8 64. Ka7 Bd7 65. Kb6 Bc8 66. Kc5 Kd7 67. Kd4 Ba6 68. Kc3 Bc4 69. Kd2 Bb5 70. Ke1 Bc4 71. Kf2 Bd3 72. Kg3 Bc4 73. Kh4 Bd3 74. Kg5 Bc4 75. Kf6 d4 76. exd4 Bd5 77. Kg7 Bc4 78. Kf8 Bd5 79. Be8+ Kd8 80. Bb5 Bf3 81. Bc4 Kd7 82. Kf7 Bh5+ 83. Kf6 1-0

[Event "Budapest FS06 FM"]
[Site "Budapest"]
[Date "1998.??.??"]
[Round "?"]
[White "Hudecz, Viktor"]
[Black "Pal, Gyorgy"]
[Result "1-0"]
[WhiteElo "2135"]
[BlackElo "2060"]
[PlyCount "99"]
[EventDate "1998.06.??"]
[EventType "tourn"]
[EventRounds "11"]
[EventCountry "HUN"]
[SourceTitle "EXT 2004"]
[Source "ChessBase"]
[SourceDate "2003.11.25"]
[SourceVersion "1"]
[SourceVersionDate "2003.11.25"]
[SourceQuality "1"]

1. e4 c6 2. d4 d5 3. Nc3 e6 4. Nf3 dxe4 5. Nxe4 Nf6 6. Nxf6+ gxf6 7. Bf4 Nd7 8. Qd2 Qb6 9. 0-0-0 Be7 10. g4 Nf8 11. g5 Ng6 12. gxf6 Bxf6 13. Bg5 Bg7 14. h4 h6 15. Be3 Bd7 16. h5 Ne7 17. Ne5 Nf5 18. Nxd7 Kxd7 19. c3 Nxe3 20. Qxe3 Qa5 21. Kb1 Qg5 22. Qf3 Ke7 23. Bd3 Bf6 24. Rdg1 Qd5 25. Be4 Qd6 26. Rg4 Bg5 27. Re1 Raf8 28. Qd3 Kd8 29. Rg3 f5 30. Bg2 Rf6 31. Qc2 Rhf8 32. Qa4 a6 33. Qa5+ Qc7 34. Qc5 Kd7 35. Rd1 R8f7 36. Rgd3 Bf4 37. Qb4 a5 38. Qb3 Ke7 39. Re1 Kd7 40. c4 Rg7 41. Bf3 b6 42. Qa4 Bd6 43. d5 e5 44. dxc6+ Kc8 45. Bd5 e4 46. Qb5 Bb4 47. Re2 Rg1+ 48. Kc2 Rd6 49. Rd1 Rg5 50. a3 1-0

[Event "Budapest FS06 FM"]
[Site "Budapest"]
[Date "1998.??.??"]
[Round "?"]
[White "Pal, Gyorgy"]
[Black "Pongo, Istvan"]
[Result "1-0"]
[WhiteElo "2060"]
[BlackElo "2040"]
[PlyCount "69"]
[EventDate "1998.06.??"]
[EventType "tourn"]
[EventRounds "11"]
[EventCountry "HUN"]
[SourceTitle "EXT 2004"]
[Source "ChessBase"]
[SourceDate "2003.11.25"]
[SourceVersion "1"]
[SourceVersionDate "2003.11.25"]
[SourceQuality "1"]

1. e4 e6 2. d4 d5 3. e5 c5 4. dxc5 Qa5+ 5. c3 Qxc5 6. Nf3 Ne7 7. Bd3 Ng6 8. 0-0 Be7 9. Qe2 0-0 10. Re1 Nd7 11. h4 h6 12. g3 Qc7 13. h5 Nh8 14. Nd4 Nc5 15. Bc2 f5 16. exf6 Rxf6 17. b4 Ne4 18. Bxe4 dxe4 19. Qxe4 Bd7 20. Bf4 Qb6 21. Nd2 Raf8 22. Nc4 Qa6 23. Ne5 Bc8 24. Ng4 R6f7 25. Nxe6 Qb5 26. Nxf8 Bf5 27. Qe5 Qc6 28. Nh2 Bh3 29. f3 Bxf8 30. Rad1 Re7 31. Qd4 Rd7 32. Qe4 Qxc3 33. Rxd7 Bxd7 34. Rc1 Qb2 35. Qd5+ 1-0

[Event "Balatonturist op"]
[Site "Balatonbereny"]
[Date "1997.??.??"]
[Round "6"]
[White "Pal, Gyorgy"]
[Black "Ritter, Gabor"]
[Result "1/2-1/2"]
[WhiteElo "2065"]
[BlackElo "2265"]
[PlyCount "60"]
[EventDate "1997.??.??"]
[EventType "swiss"]
[EventRounds "9"]
[EventCountry "HUN"]
[SourceTitle "EXT 2001"]
[Source "ChessBase"]
[SourceDate "2000.11.22"]
[SourceVersion "1"]
[SourceVersionDate "2000.11.22"]
[SourceQuality "1"]

1. e4 c5 2. Nf3 e6 3. d4 cxd4 4. Nxd4 Nc6 5. Nc3 d6 6. Be3 Nf6 7. Be2 Be7 8. 0-0 0-0 9. Kh1 Nxd4 10. Bxd4 Bd7 11. f4 Bc6 12. Bf3 Qc7 13. Qe2 a6 14. Rfe1 b5 15. a3 Qb7 16. Rad1 Rfd8 17. h3 Rac8 18. Kh2 d5 19. e5 Ne4 20. Nb1 a5 21. Bxe4 dxe4 22. c3 Bd5 23. Nd2 e3 24. Bxe3 Qc6 25. Nf3 Bxf3 26. Qxf3 Qxf3 27. gxf3 Rxd1 28. Rxd1 b4 29. axb4 axb4 30. Rd7 Kf8 1/2-1/2

[Event "Budapest Spring op 10th"]
[Site "Budapest"]
[Date "1994.??.??"]
[Round "1"]
[White "Mochalov, Evgeny Veniaminovic"]
[Black "Pal, Gyorgy"]
[Result "1-0"]
[WhiteElo "2450"]
[BlackElo "2175"]
[PlyCount "61"]
[EventDate "1994.03.??"]
[EventType "swiss"]
[EventRounds "9"]
[EventCountry "HUN"]
[SourceTitle "EXT 1997"]
[Source "ChessBase"]
[SourceDate "1996.11.15"]
[SourceVersion "1"]
[SourceVersionDate "1996.11.15"]
[SourceQuality "1"]

1. d4 Nf6 2. c4 g6 3. Nf3 Bg7 4. g3 c6 5. Nc3 d5 6. Qb3 dxc4 7. Qxc4 0-0 8. Bg2 a5 9. 0-0 Be6 10. Qd3 Nd5 11. Rd1 Na6 12. e4 Nb6 13. b3 Bg4 14. Be3 Qc7 15. Rac1 Rad8 16. Qe2 e6 17. h3 Bxf3 18. Bxf3 Nc8 19. d5 Bxc3 20. Rxc3 e5 21. dxc6 Rxd1+ 22. Qxd1 bxc6 23. h4 h5 24. Rd3 Nb8 25. Bh6 Re8 26. Bxh5 gxh5 27. Qxh5 Re6 28. Qg5+ Rg6 29. Qd8+ Qxd8 30. Rxd8+ Kh7 31. Rxc8 1-0